Nueva sintaxis de la lengua española

Збережено в:
Бібліографічні деталі
Автор: Hernández Alonso, César (Автор)
Формат: Книга
Мова:Іспанська
Опубліковано: Salamanca Colegio de España 1995
Серія:Biblioteca Filológica
Предмети:
Теги: Додати тег
Немає тегів, Будьте першим, хто поставить тег для цього запису!

MARC

LEADER 00000nam a2200000 a 4500
001 UCN8588
003 CL-VaPUC
008 011116e19950000SP |||||||||||||||||spa|d
020 |a 8486408458 
082 0 4 |a 465  |b HER  |2 21 
100 |a Hernández Alonso, César  |e author  |9 545732 
245 1 0 |a Nueva sintaxis de la lengua española 
246 1 0 |a Sintaxis onomasiológica: del contenido a la expresión 
300 |a 238 p 
942 |c BK 
945 |d 20011116 00:00:00  |a cmena 
260 |a Salamanca  |b Colegio de España  |c 1995 
650 0 |a Gramática española  |9 403055 
650 0 |a Sintaxis  |9 318843 
650 0 |a Investigación lingüística  |9 329785 
650 0 |a Oraciones gramaticales  |9 464906 
650 7 |a ESTRUCTURA GRAMATICAL  |2 CL-VaPUC  |9 419974 
583 |a last modification  |c 20011116 00:00:00  |k Rodrigo Vera 
490 0 |a Biblioteca Filológica 
999 |c 298424  |d 298422 
952 |0 0  |1 0  |4 0  |6 465_000000000000000_HER_1995  |7 0  |8 A  |9 353996  |a FDOPOS  |b FDOPOS  |d 2019-11-21  |i 3774074  |o 465 HER 1995  |p 3774074  |r 2025-01-22  |w 2019-11-21  |y BK  |k MLA 
952 |0 0  |1 0  |4 0  |6 465_000000000000000_HER_1995  |7 0  |8 A  |9 353997  |a FDOPOS  |b FDOPOS  |d 2019-11-21  |i 392050K  |o 465 HER 1995  |p 392050K  |r 2025-01-22  |w 2019-11-21  |y BK  |k MLA 
952 |0 0  |1 0  |4 0  |6 465_000000000000000_HER_1995  |7 0  |8 A  |9 353998  |a FDOPOS  |b FDOPOS  |d 2019-11-21  |i 4263790  |o 465 HER 1995  |p 4263790  |r 2025-01-22  |w 2019-11-21  |y BK  |k MLA